00481nam a22001577a 4500008004100000020001500041082001600056100002100072245005200093260002800145300000900173700001900182942001200201999001500213952009500228230619b xxu||||| |||| 00| 0 eng d a017711116X a301.11bBIR cArnold Birenbaum aPeople in PlacesbThe Sociology of the familiar bpraeger publishers, Inc a301p cEdward Sagarin 2ddccBK c1305d1305 00102ddc4070a002b002d2023-06-19l0o301.11 BIRp10000009r2023-06-19w2023-06-19yBK